[Event "HUN-chT2 Breyer 1718"]
[Site "Hungary"]
[Date "2017.10.08"]
[Round "2.2"]
[White "Somogyi, Istvan"]
[Black "Persanyi, Barnabas"]
[Result "1-0"]
[WhiteElo "2146"]
[BlackElo "2195"]
[PlyCount "113"]
[EventDate "2017.09.24"]
[EventType "team-tourn"]
[EventRounds "11"]
[EventCountry "HUN"]
[SourceTitle "EXT 2021"]
[Source "ChessBase"]
[SourceDate "2020.10.23"]
[SourceVersion "1"]
[SourceVersionDate "2020.10.23"]
[SourceQuality "1"]
[WhiteTeam "Vizugy"]
[BlackTeam "Zsambek"]
[WhiteTeamCountry "HUN"]
[BlackTeamCountry "HUN"]

1. d4 Nf6 2. c4 c5 3. e3 g6 4. Nc3 cxd4 5. exd4 d5 6. Nf3 Bg7 7. Be2 0-0 8. 0-0 Nc6 9. h3 Be6 10. c5 Ne4 11. Be3 b6 12. Bb5 Na5 13. cxb6 Qxb6 14. Bd3 Nxc3 15. bxc3 Rac8 16. Qd2 Nc4 17. Bxc4 Rxc4 18. Rfc1 Bf5 19. Ne5 Rcc8 20. g4 Be6 21. Rab1 Qa6 22. Nd3 Rb8 23. Nc5 Qc6 24. Bf4 Rb6 25. Rb3 Bc8 26. Qe3 Re8 27. Rcb1 f6 28. Nd3 e6 29. g5 Ba6 30. Rxb6 axb6 31. Nb4 Qc4 32. gxf6 Bxf6 33. Be5 Bxe5 34. Qxe5 Bb5 35. Qe3 Qc7 36. Re1 Qf7 37. Qg3 Rf8 38. Re3 Qf5 39. Re1 Rf7 40. Qb8+ Rf8 41. Qg3 Rc8 42. Qe3 Bd7 43. Kg2 Rf8 44. Nd3 h5 45. Ne5 Ba4 46. Nf3 Bc2 47. Ng5 Rf6 48. f3 Ba4 49. Nxe6 Qc2+ 50. Re2 Qd1 51. Ng5 Bb5 52. Rf2 Qd3 53. Qe7 Qf5 54. h4 Qf4 55. Qd8+ Kg7 56. Qxd5 Bc6 57. Ne6+ 1-0

[Event "HUN-chT2 Breyer 1617"]
[Site "Hungary"]
[Date "2017.03.12"]
[Round "8.3"]
[White "Somogyi, Istvan"]
[Black "Gombocz, Ferenc Jr"]
[Result "1/2-1/2"]
[WhiteElo "2151"]
[BlackElo "2054"]
[PlyCount "83"]
[EventDate "2016.10.30"]
[EventType "team-tourn"]
[EventRounds "9"]
[EventCountry "HUN"]
[SourceTitle "EXT 2021"]
[Source "ChessBase"]
[SourceDate "2020.10.23"]
[SourceVersion "1"]
[SourceVersionDate "2020.10.23"]
[SourceQuality "1"]
[WhiteTeam "Budapest MLTC"]
[BlackTeam "Paty"]
[WhiteTeamCountry "HUN"]
[BlackTeamCountry "HUN"]

1. d4 d5 2. c4 c6 3. Nf3 Nf6 4. Nc3 a6 5. e3 Bf5 6. Qb3 Ra7 7. Bd2 e6 8. Rc1 Bd6 9. h3 0-0 10. Nh4 Be4 11. Be2 Nbd7 12. cxd5 exd5 13. Nxe4 Nxe4 14. Nf3 Nxd2 15. Nxd2 Qa5 16. a3 Nf6 17. Qc3 Qxc3 18. Rxc3 Re8 19. 0-0 Re7 20. Bf3 Kf8 21. Re1 Ra8 22. g4 h6 23. Kg2 Ke8 24. h4 Kd7 25. g5 hxg5 26. hxg5 Nh7 27. Bg4+ Kc7 28. Nf3 Rh8 29. Rh1 Ree8 30. Rcc1 Be7 31. g6 fxg6 32. Ne5 Nf6 33. Rxh8 Rxh8 34. Nxg6 Re8 35. Bf3 Bd6 36. Rg1 Ne4 37. Nh4 Rh8 38. Rh1 Nd2 39. Be2 Ne4 40. Bf3 Nd2 41. Be2 Ne4 42. Bf3 1/2-1/2

[Event "HUN-chT2 Maroczy 1314"]
[Site "Hungary"]
[Date "2013.09.08"]
[Round "1"]
[White "Somogyi, Istvan"]
[Black "Marjanovic, Annamaria"]
[Result "0-1"]
[WhiteElo "2177"]
[BlackElo "2027"]
[PlyCount "94"]
[EventDate "2013.09.08"]
[EventType "team-tourn"]
[EventRounds "11"]
[EventCountry "HUN"]
[SourceTitle "EXT 2016"]
[Source "ChessBase"]
[SourceDate "2015.10.08"]
[SourceVersion "1"]
[SourceVersionDate "2015.10.08"]
[SourceQuality "1"]
[WhiteTeam "Budapest MLTC II"]
[BlackTeam "Budapest Kobanya"]
[WhiteTeamCountry "HUN"]
[BlackTeamCountry "HUN"]

1. d4 Nf6 2. c4 e6 3. Nf3 b6 4. e3 Bb7 5. Bd3 d5 6. Nc3 Be7 7. 0-0 0-0 8. b3 Nbd7 9. Bb2 Ne4 10. Nd2 f5 11. cxd5 exd5 12. f3 Nxc3 13. Bxc3 Qe8 14. Qc2 Bd6 15. e4 fxe4 16. fxe4 dxe4 17. Nxe4 Bf4 18. Rae1 Qh5 19. g3 Bh6 20. Bb4 Rxf1+ 21. Bxf1 c5 22. dxc5 Ne5 23. Bg2 Ng4 24. Nf6+ gxf6 25. Bxb7 Be3+ 26. Rxe3 Nxe3 27. Qd3 Re8 28. Be4 Ng4 29. Qd5+ Qxd5 30. Bxd5+ Kg7 31. c6 Ne3 32. Bf3 Nc2 33. Bd6 Nd4 34. Bh5 Re1+ 35. Kg2 Nxc6 36. a4 Rb1 37. Be8 Nd4 38. b4 Rb2+ 39. Kh3 Nf3 40. g4 Ng5+ 41. Kh4 Rb3 42. Bg3 Rxb4 43. Kh5 Rb3 44. Bb5 Ne4 45. Kh4 Nxg3 46. hxg3 Rxb5 47. axb5 Kg6 0-1

[Event "HUN-chT2 Charousek 1213"]
[Site "Hungary"]
[Date "2012.10.07"]
[Round "2"]
[White "Piroska, Istvan"]
[Black "Somogyi, Istvan"]
[Result "0-1"]
[WhiteElo "2137"]
[BlackElo "2208"]
[PlyCount "76"]
[EventDate "2012.09.16"]
[EventType "team-tourn"]
[EventRounds "11"]
[EventCountry "HUN"]
[SourceTitle "EXT 2014"]
[Source "ChessBase"]
[SourceDate "2013.11.20"]
[SourceVersion "1"]
[SourceVersionDate "2013.11.20"]
[SourceQuality "1"]
[WhiteTeam "Penzugyor II"]
[BlackTeam "MLTC II"]
[WhiteTeamCountry "HUN"]
[BlackTeamCountry "HUN"]

1. e4 c5 2. Nf3 e6 3. d4 cxd4 4. Nxd4 Nc6 5. Nc3 Qc7 6. Be3 a6 7. a3 Nf6 8. Bd3 b5 9. Nb3 Bb7 10. 0-0 Be7 11. f4 d6 12. Qf3 b4 13. axb4 Nxb4 14. Nd4 g6 15. Qh3 d5 16. exd5 Nfxd5 17. Ne4 Nxd3 18. cxd3 Nxe3 19. Qxe3 Rd8 20. Nf3 0-0 21. Rfc1 Qd7 22. Ne5 Qb5 23. b4 Bxb4 24. Nf6+ Kg7 25. f5 exf5 26. Nh5+ Kh8 27. Rc7 Qd5 28. Nf4 Qd6 29. Rac1 Bd5 30. Nfxg6+ hxg6 31. Qh6+ Kg8 32. d4 Be4 33. R1c4 Bd2 34. Qxd2 Qxe5 35. Qb4 Rxd4 36. Rc8 Rd1+ 37. Kf2 Qf4+ 38. Ke2 Qf1+ 0-1

[Event "HUN-chT2 Maroczy 1011"]
[Site "Hungary"]
[Date "2011.03.27"]
[Round "7"]
[White "Somogyi, Istvan"]
[Black "Egri, Laszlo Jr"]
[Result "1/2-1/2"]
[WhiteElo "2176"]
[BlackElo "2024"]
[PlyCount "54"]
[EventDate "2010.09.12"]
[EventType "team-tourn"]
[EventRounds "11"]
[EventCountry "HUN"]
[SourceTitle "EXT 2012"]
[Source "ChessBase"]
[SourceDate "2011.11.24"]
[SourceVersion "1"]
[SourceVersionDate "2011.11.24"]
[SourceQuality "1"]
[WhiteTeam "MLTC II"]
[BlackTeam "Kisujszallas"]
[WhiteTeamCountry "HUN"]
[BlackTeamCountry "HUN"]

1. d4 Nf6 2. c4 c5 3. e3 g6 4. Nc3 Bg7 5. Nf3 0-0 6. Be2 cxd4 7. Nxd4 d5 8. 0-0 dxc4 9. Bxc4 Qc7 10. Qb3 a6 11. Bd2 b5 12. Bd5 Bb7 13. Bxb7 Qxb7 14. a4 b4 15. a5 e5 16. Nc2 Rd8 17. Rfd1 Nc6 18. Na4 Nxa5 19. Qxb4 Qxb4 20. Bxb4 Nb3 21. Rab1 Ne4 22. f3 Ned2 23. Bxd2 Nxd2 24. Ra1 Nb3 25. Rab1 Nd2 26. Ra1 Nb3 27. Rab1 Nd2 1/2-1/2

[Event "Budapest Spring op 27th"]
[Site "Budapest"]
[Date "2011.03.22"]
[Round "6"]
[White "Somogyi, Istvan"]
[Black "Halak, Miklos"]
[Result "1-0"]
[WhiteElo "2176"]
[BlackElo "2062"]
[PlyCount "93"]
[EventDate "2011.03.18"]
[EventType "swiss"]
[EventRounds "9"]
[EventCountry "HUN"]
[SourceTitle "CBM 141 Extra"]
[Source "ChessBase"]
[SourceDate "2011.05.03"]
[SourceVersion "1"]
[SourceVersionDate "2011.05.03"]
[SourceQuality "1"]

1. d4 d5 2. c4 c6 3. Nf3 Nf6 4. Nc3 dxc4 5. a4 Bf5 6. Ne5 e6 7. f3 Bb4 8. Bg5 Qa5 9. Rc1 b5 10. axb5 cxb5 11. e4 Bg6 12. Be2 0-0 13. 0-0 Bxc3 14. bxc3 Nbd7 15. Nxd7 Nxd7 16. Qd2 f6 17. Be3 Bf7 18. Ra1 Qc7 19. Rfb1 a6 20. Ra3 Rfd8 21. Qa2 Qd6 22. f4 Rdb8 23. e5 Qb6 24. Bxc4 fxe5 25. Bxb5 exf4 26. Bd3 Qd6 27. Rxb8+ Nxb8 28. Bf2 e5 29. Bc4 Ra7 30. Ra5 Nc6 31. Bxf7+ Rxf7 32. Rxa6 exd4 33. Ra8+ Nd8 34. Bh4 g5 35. Bxg5 Qe5 36. Rxd8+ Kg7 37. Bh4 dxc3 38. Bf2 Kg6 39. Qc2+ Kh5 40. Qd3 Rf5 41. Rd6 Rf6 42. Rd7 Qf5 43. Qxf5+ Rxf5 44. Rc7 Rb5 45. Bd4 Rb1+ 46. Kf2 Rh1 47. h3 1-0

[Event "HUN-chT2 Maroczy 0809"]
[Site "Hungary"]
[Date "2009.04.05"]
[Round "10"]
[White "Kovacs, Istvan"]
[Black "Somogyi, Istvan"]
[Result "0-1"]
[WhiteElo "2224"]
[BlackElo "2237"]
[PlyCount "40"]
[EventDate "2008.10.26"]
[EventType "team-tourn"]
[EventRounds "11"]
[EventCountry "HUN"]
[SourceTitle "EXT 2010"]
[Source "ChessBase"]
[SourceDate "2010.11.25"]
[SourceVersion "1"]
[SourceVersionDate "2010.11.25"]
[SourceQuality "1"]
[WhiteTeam "Dunaharaszti"]
[BlackTeam "MLTC II"]
[WhiteTeamCountry "HUN"]
[BlackTeamCountry "HUN"]

1. Nf3 Nf6 2. g3 e6 3. Bg2 Be7 4. 0-0 d5 5. c4 0-0 6. b3 c5 7. Bb2 Nc6 8. cxd5 Nxd5 9. Na3 b6 10. Nc4 Bb7 11. d4 Rc8 12. Rc1 cxd4 13. Nxd4 Nxd4 14. Qxd4 Bf6 15. Ne5 Rxc1 16. Rxc1 Qb8 17. Qe4 Rd8 18. Kf1 h6 19. Bf3 Bg5 20. Rc2 Ne3+ 0-1

[Event "Budapest Spring op 25th"]
[Site "Budapest"]
[Date "2009.03.27"]
[Round "8"]
[White "Bacso, Gabor"]
[Black "Somogyi, Istvan"]
[Result "1/2-1/2"]
[WhiteElo "2123"]
[BlackElo "2224"]
[PlyCount "23"]
[EventDate "2009.03.20"]
[EventType "swiss"]
[EventRounds "9"]
[EventCountry "HUN"]
[SourceTitle "CBM 129 Extra"]
[Source "ChessBase"]
[SourceDate "2009.05.05"]
[SourceVersion "2"]
[SourceVersionDate "2009.05.20"]
[SourceQuality "1"]

1. d4 Nf6 2. Nf3 e6 3. Bf4 d5 4. e3 c5 5. c3 Nc6 6. Nbd2 Bd6 7. Bxd6 Qxd6 8. Be2 0-0 9. 0-0 e5 10. dxe5 Nxe5 11. Nxe5 Qxe5 12. Nf3 1/2-1/2

[Event "Budapest Spring op 25th"]
[Site "Budapest"]
[Date "2009.03.22"]
[Round "3"]
[White "Bodrogi, Laszlo"]
[Black "Somogyi, Istvan"]
[Result "1-0"]
[WhiteElo "2088"]
[BlackElo "2224"]
[PlyCount "125"]
[EventDate "2009.03.20"]
[EventType "swiss"]
[EventRounds "9"]
[EventCountry "HUN"]
[SourceTitle "CBM 129 Extra"]
[Source "ChessBase"]
[SourceDate "2009.05.05"]
[SourceVersion "2"]
[SourceVersionDate "2009.05.20"]
[SourceQuality "1"]

1. e4 c5 2. Nf3 e6 3. d4 cxd4 4. Nxd4 Nc6 5. Nc3 Qc7 6. g3 a6 7. Bg2 Nf6 8. 0-0 Be7 9. Re1 d6 10. Nxc6 bxc6 11. e5 dxe5 12. Rxe5 0-0 13. Bf4 Qb7 14. Re3 Rd8 15. Rd3 Nd5 16. Nxd5 exd5 17. Be5 Bf5 18. Rd2 Qd7 19. c4 Bg4 20. Qa4 Qe6 21. Bc7 Rd7 22. cxd5 cxd5 23. Bxd5 Rxd5 24. Rxd5 Bf3 25. Rd3 Bc6 26. Qd1 Bc5 27. Qe1 Qh3 28. Qf1 Qf5 29. Rad1 Qe4 30. Rd8+ Rxd8 31. Rxd8+ Bf8 32. f3 Qe7 33. Bb6 h5 34. Qf2 Qf6 35. f4 Qe7 36. Qe3 Kh7 37. Qxe7 Bxe7 38. Rc8 Bb5 39. Bd4 Kg6 40. Kf2 f6 41. b3 Ba3 42. Bc5 Bb2 43. Ke3 Kf5 44. a4 Bf1 45. Kd2 Kg4 46. Kc2 Ba1 47. Rd8 Bg2 48. Bd4 Bxd4 49. Rxd4 Kh3 50. f5 Kxh2 51. Rh4+ Kxg3 52. Rxh5 Kf4 53. Rh7 Kxf5 54. Rxg7 Be4+ 55. Kc3 Ke5 56. Re7+ Kd5 57. Ra7 f5 58. Rxa6 f4 59. Rf6 Ke5 60. Rf8 f3 61. a5 Bf5 62. Rxf5+ Kxf5 63. Kd2 1-0